000 01164nam a2200289 i 4500
001 183552
003 ES-MaACL
005 20250523062605.0
008 140718s2013 sp a |||| | spa d
020 _a978-84-7960-577-3
080 _a821.134.2-14"19"
100 1 _aEscudero, Isabel,
_d1944-2017
_947684
245 1 0 _aCondiciones de luna
_b: antología : coplas y juegos de lengua, ritmo y razón /
_cIsabel Escudero ; epílogo, Agustín García Calvo ; ilustraciones, Dinah Salama.
246 3 0 _aCoplas y juegos de lengua, ritmo y razón
250 _a1ª ed.
260 _aMadrid :
_bEdiciones de la Torre,
_c2013.
300 _a107 p. :
_bil. col. ;
_c22 cm +
_e1 CD-DA.
490 1 _aBiblioteca de nuestro mundo.
_aAntología ;
_v26
700 1 _aGarcía Calvo, Agustín,
_d1926-2012
_9233841
700 1 _aSalama, Dinah.
_9101703
830 0 _aBiblioteca de nuestro mundo.
_aAntología ;
_v26
_9224659
852 _aES-MaACL
_9 190494
_bR.150083
_jA-13162
_dOlim: N-6162
_x enc. tela roja
_cDEPO1
852 _aES-MaACL
_jROT 2/6/34 (CD-DA)
942 _2udc
_cMONOGRAFIA
999 _c183552
_d183552